| 000 | 00381nam a22001457a 4500 | ||
|---|---|---|---|
| 005 | 20230908155038.0 | ||
| 008 | 230908b |||||||| |||| 00| 0 eng d | ||
| 082 |
_a641.354 _bMIC |
||
| 245 |
_aMicrowave _b Better Homes and Gardens Cooking For One Or Two |
||
| 260 | _bMeredith Press | ||
| 300 | _a96 | ||
| 500 | _aInclude Index | ||
| 650 | _aArchitecture/Nutrition | ||
| 999 |
_c33474 _d33474 |
||